Bài tập cơ học máy

Đã lưu trong:
书目详细资料
主要作者: Lại, Khắc Liễm
格式: 图书
语言:Undetermined
出版: Thành phố Hồ Chí Minh Đại học Quốc gia Thành phố Hồ Chí Minh 2005
主题:
标签: 添加标签
没有标签, 成为第一个标记此记录!
Thư viện lưu trữ: Trung tâm Học liệu Trường Đại học Cần Thơ
LEADER 00664nam a2200217Ia 4500
001 CTU_100899
008 210402s9999 xx 000 0 und d
020 |c 20500 
082 |a 620.1 
082 |b L304 
100 |a Lại, Khắc Liễm 
245 0 |a Bài tập cơ học máy 
245 0 |c Lại Khắc Liễm 
260 |a Thành phố Hồ Chí Minh 
260 |b Đại học Quốc gia Thành phố Hồ Chí Minh 
260 |c 2005 
526 |a Cơ học máy 
526 |b CN142 
650 |a Mechanical engineering,Mechanics, applied 
904 |i Tuyến 
980 |a Trung tâm Học liệu Trường Đại học Cần Thơ